Loading...
Beliefs | 0 | 4 | 1 | 1 | 35 | 98 | 134.50 | 0 | 4 |
Fine Arts - Visual Fine Arts | 1 | 1 | 2 | 1 | 15 | 64 | 105.00 | 1 | 2 |
Literature - European Literature | 0 | 1 | 0 | 0 | 10 | 145 | 145.00 | 0 | 1 |
Social Science | 0 | 1 | 0 | 0 | 10 | 110 | 110.00 | 0 | 1 |
History - European History | 0 | 2 | 2 | 0 | 10 | 111 | 115.00 | 2 | 2 |
Literature - American Literature | 0 | 1 | 0 | 0 | 10 | 158 | 158.00 | 0 | 1 |
Other Arts: Visual | 0 | 1 | 0 | 0 | 10 | 136 | 136.00 | 0 | 1 |
Geography | 0 | 1 | 0 | 1 | 10 | 138 | 138.00 | 0 | 1 |
Fine Arts - Auditory Fine Arts | 0 | 1 | 1 | 0 | 5 | 131 | 131.00 | 0 | 1 |
Philosophy | 0 | 1 | 1 | 0 | 5 | 93 | 93.00 | 0 | 1 |
History - American History | 0 | 1 | 1 | 0 | 5 | 113 | 113.00 | 0 | 1 |
Science - Chemistry | 0 | 0 | 0 | 0 | 0 | 0.00 | 0 | 0 | |
World and Other Literature | 0 | 0 | 0 | 0 | 0 | 0.00 | 0 | 0 | |
Science - Physics | 0 | 0 | 0 | 0 | 0 | 0.00 | 0 | 0 | |
History - World History | 0 | 0 | 1 | 0 | -5 | 0.00 | 0 | 0 | |
Current Events | 0 | 0 | 1 | 0 | -5 | 0.00 | 0 | 0 | |
Ancient History and Archaeology | 0 | 0 | 1 | 0 | -5 | 0.00 | 0 | 0 |